La psicofísica (Record no. 152064)

MARC details
000 -LEADER
campo de control de longitud fija 00608nam a2200181 i 4500
001 - NÚMERO DE CONTROL
campo de control 152064
003 - IDENTIFICADOR DE NÚMERO DE CONTROL
campo de control ES-MaACL
005 - FECHA Y HORA DE LA ÚLTIMA TRANSACCIÓN
campo de control 20250822032537.0
008 - DATOS DE LONGITUD FIJA--INFORMACIÓN GENERAL
campo de control de longitud fija 931025s1897 sp |||| | spa d
080 ## - NÚMERO DE LA CLASIFICACIÓN DECIMAL UNIVERSAL
Número de la Clasificación Decimal Universal 159.91
100 1# - ENTRADA PRINCIPAL--NOMBRE DE PERSONA
Nombre de persona Besteiro, Julián,
Fechas asociadas al nombre 1870-1940
9 (RLIN) 28619
245 13 - MENCIÓN DEL TÍTULO
Título La psicofísica
Resto del título : (obra premiada por el Ateneo de Madrid) /
Mención de responsabilidad, etc. por Julián Besteiro.
260 ## - PUBLICACIÓN, DISTRIBUCIÓN, ETC.
Lugar de publicación, distribución, etc. Madrid :
Nombre del editor, distribuidor, etc. [s.n.],
Fecha de publicación, distribución, etc. 1897 (
Fabricante Imp. de Ricardo Rojas)
300 ## - DESCRIPCIÓN FÍSICA
Extensión VII, 141 p. ;
Dimensiones 20 cm.
650 07 - PUNTO DE ACCESO ADICIONAL DE MATERIA--TÉRMINO DE MATERIA
Término de materia o nombre geográfico como elemento de entrada Psicología fisiológica
Fuente del encabezamiento o término embne
9 (RLIN) 16565
852 ## - LOCALIZACIÓN
Ubicación ES-MaACL
Número de control de estantería F-11884
Nota libre - Enc. hol.
Holdings
Estatus retirado Estado de pérdida Estado de daño No para préstamo Colección Biblioteca de origen Biblioteca actual Ubicación en estantería Fecha de adquisición Fuente de adquisición Total de préstamos Signatura topográfica completa Código de barras Visto por última vez Precio de reemplazo Tipo de ítem Koha
        Libros del s. XIX Biblioteca del Ateneo de Madrid Biblioteca del Ateneo de Madrid Sala Pecera Planta 2 17/01/2008     F-11884 1158730 23/02/2023 23/02/2023 Libro impreso antiguo